000
00272nam a2200109Ia 4500
008
190912s9999||||xx |||||||||||||| ||und||
100
_a
Raymond Cowell
245
0
_a
Readings In Literary Criticism
260
_a
New Delhi
_b
Universal Book
_c
1998
300
_a
114
942
_c
BK
999
_c
7210
_d
7210